000
00331nam a22001457a 4500
008
230717b ||||| |||| 00| 0 eng d
020
_a
9780321882578
041
_a
eng
080
_a
51
082
_a
51ALM
100
_a
23
101
_a
MATEM
245
_a
MATH LIT A PATHWAY TO COLLEGE MATHEMATICS
_c
ALMY .K
942
_2
udc
_c
BK
999
_c
60149
_d
60149